Detroit Tigers 2012 Opening Day Lineup - Statistics

General Stats
  • This quiz has been taken 568 times
  • The average score is 7 of 10
Answer Stats
Position Batting Order Player % Correct
3B 3 Miguel Cabrera
98%
RHP Justin Verlander
91%
1B 4 Prince Fielder
90%
CF 1 Austin Jackson
85%
C 8 Alex Avila
77%
SS 7 Jhonny Peralta
65%
LF 5 Delmon Young
50%
RF 2 Brennan Boesch
45%
2B 9 Ramon Santiago
40%
DH 6 Ryan Raburn
33%
No matching quizzes found
Score Distribution
Percent of People with Each Score
Percentile by Number Answered
Your Score History
You have not taken this quiz